000 00265nam a22001217a 4500
008 181207b xxu||||| |||| 00| 0 eng d
041 _aeng
080 _a615
100 _a6
101 _aFAR
245 _aPhysicians Desk Reference
_cJames.P
942 _2udc
_cBK
999 _c53061
_d53061